| Record ID | ia:sleepofreason00snow |
| Source | Internet Archive |
| Download MARC XML | https://archive.org/download/sleepofreason00snow/sleepofreason00snow_marc.xml |
| Download MARC binary | https://www.archive.org/download/sleepofreason00snow/sleepofreason00snow_meta.mrc |
LEADER: 02403cam 22004691 4500
001 ocm00036149
003 OCoLC
005 20100126114528.0
008 700114t19691968nyu 000 1 eng
010 $a 69012600
040 $aDLC$cDLC$dBTCTA$dOCLCG$dOCLCQ$dS@P$dPPN
019 $a1034868
035 $a(OCoLC)36149$z(OCoLC)1034868
050 00 $aPZ3.S6737$bSl3$aPR6037.N58
082 00 $a823/.9/12
100 1 $aSnow, C. P.$q(Charles Percy),$d1905-1980.
245 14 $aThe sleep of reason$c[by] C. P. Snow.
260 $aNew York,$bScribner$c[1969, c1968]
300 $aviii, 483 p.$c22 cm.
490 1 $aHis Strangers and brothers,$v10
520 $aThe time is 1963. The locations are an English provincial town and London. Lewis Eliot agrees to help his old friend, the lawyer George Passant, with a murder trial. Two lesbians are charged with torturing and killing an eight-year-old boy. As the trial progresses, C.P. Snow brings alive all of the characters caught up in the tragedy.
650 0 $aMystery and detective stories.
651 0 $aGreat Britain$vFiction.
800 1 $aSnow, C. P.$q(Charles Percy),$d1905-1980.$tStrangers and brothers ;$v10.
938 $aBaker and Taylor$bBTCP$n69012600
952 $a36149$zDLC$bLIBRARY OF CONGRESS$hFull; not ex.$iLCC$kDDC$nSummary$u20100106
952 $a126111619$zUVV$bFASHION INST OF TECH LIBR$hFull; not ex.$iLCC$kDDC$u20070513
952 $a130933638$zYUS$bYALE UNIV LIBR$hFull; not ex.$iLCC$kDDC$u20070518
952 $a131359548$zJTC$bSHASTA PUBLIC LIBR$hFull$iLCC$kDDC$u20070518
952 $a134447207$zRBN$bBROWN UNIV$hFull; not ex.$u20070524
952 $a188345033$zPAU$bUNIV OF PENNSYLVANIA$hFull; not ex.$iLCC$u20080517
952 $a214243772$zCUY$bUNIV OF CALIFORNIA, BERKELEY$hFull; not ex.$iLCC$kDDC$u20080327
952 $a293891232$zLUI$bUNIV OF IOWA, LAW LIBR$hFull$iLCC$kDDC$u20081226
952 $a368174161$zUBY$bBRIGHAM YOUNG UNIV LIBR$hFull$iLCC$kDDC$qotrec$u20090602
952 $a471284861$zTEU$bTEMPLE UNIV$hFull; not ex.$u20091129
952 $a487468851$zN15$bNEW YORK UNIV, GROUP BATCHLOAD$hFull; not ex.$iLCC$kDDC$u20091213
952 $a487468868$zN15$bNEW YORK UNIV, GROUP BATCHLOAD$hFull; not ex.$iLCC$kDDC$u20091213
029 1 $aNLGGC$b781330769
029 1 $aNZ1$b3397314
029 1 $aAU@$b000000718038
994 $aZ0$bPMR
948 $hNO HOLDINGS IN PMR - 1553 OTHER HOLDINGS